Science Quiz

Random Science or Alphabet Quiz

Animals with Q, X, or Z Quiz Stats

 Plays Quiz Updated Jun 17, 2013

Also try: Animals A-Z
Challenge
Share
Tweet
Score 0/16 Timer 03:00
2 Plays Today
Animal % Correct
Zebra
98.4%
Fox
92.4%
Squirrel
91.3%
Squid
81.3%
Lynx
79%
Chimpanzee
76.6%
Grizzly Bear
71.3%
Quail
68.6%
Animal % Correct
Ox
68.3%
Gazelle
45.3%
Ibex
41.8%
Oryx
17.5%
Quetzal
15.9%
Macaque
15.4%
Zebu
12.6%
Buzzard
11.9%

You're not logged in!

Compare scores with friends on all Sporcle quizzes.
Join for Free
OR
Log In

You Might Also Like...

Show Comments

Extras

Top Quizzes Today


Score Distribution

Your Account Isn't Verified!

In order to create a playlist on Sporcle, you need to verify the email address you used during registration. Go to your Sporcle Settings to finish the process.

Report this User

Report this user for behavior that violates our Community Guidelines.

Details: